Before you put that on : 365 daily style tips for her

Bibliographic Details
Main Author: Boston Lloyd
Format: Book
Published: New York : Atria Books , 2005
Subjects:

MARC

LEADER 00000cam a2200000 7i4500
001 0000016066
005 20080421.0
008 210408
020 |a 0743281691 
090 0 0 |a 646.34   |b BOS 
100 1 |a Boston Lloyd 
245 1 0 |a Before you put that on :   |b 365 daily style tips for her   |c By Lloyd Boston 
260 |a New York :   |b Atria Books ,   |c 2005 
650 0 |a Clothing and dress 
650 0 |a Fashion 
650 0 |a Women clothing 
999 |a 0001013946   |b Book   |c REFERENCE   |e Perbadanan Perpustakaan Awam Johor